000 00276nam a22001097a 4500
008 170105b xxu||||| |||| 00| 0 eng d
020 _a9781416034759
041 _aeng
080 _27TH
_a618.2
245 _aCLINICAL PROCEDURE for MEDICAL ASSISTANTS
_cWEST, K.B
942 _2udc
_cBK
999 _c2543
_d2543